Schnelle Mathematik - Zahlen Level 11 - Statistiken

Allgemein
  • Dieses Quiz wurde 417 mal gespielt
  • Das Durchschnittsergebnis liegt bei 20 aus 40
Antwortstatistiken
Nummer % Korrekt
40
99%
39
95%
38
94%
36
93%
37
93%
35
92%
34
91%
33
88%
32
84%
31
83%
30
78%
29
75%
28
73%
27
71%
26
68%
25
67%
24
64%
23
59%
22
54%
21
51%
20
45%
19
42%
18
37%
16
34%
17
34%
15
31%
14
27%
13
26%
12
25%
11
19%
10
15%
9
13%
8
12%
7
11%
4
9%
5
9%
6
9%
3
8%
1
7%
2
7%
Keine übereinstimmenden Quizze gefunden
Verteilung der Resultate
Anzahl Personen mit jedem Resultat
Perzentil nach korrekt beantworteten Fragen
Ihre Resultats-Entwicklung
Sie haben dieses Quiz noch nicht gespielt